01435cam a2200313 i 4500001000700000003000900007005001700016008004100033020001500074040004300089082001700132245031700149246004800466250002000514264003100534300004700565336002600612337002800638338002700666504005200693600004500745650005200790650003900842655001700881700004100898942001200939999001700951952015300968830612EG-ScBUE20250813091721.0770331s1981 enka f b 001 0deng  a0582463211 aEG-ScBUEbengerdacEG-ScBUEdEG-ScBUE04a545222bVOG00aVogel's textbook of quantitative inorganic analysis :bincluding elementary instrumental analysis /crevised by the following members of the School of Chemistry, Thames (formerly Woolwich) Polytechnic London, S.E.18, J. Bassett, M.Sc., C.Chem, F.R.I.C., Senior Lecturer in Inorganic Chemistry, [and three others]30aTextbook of quantitative inorganic analysis aFourth edition. 1aLondon :bLongman, c1981. axxxii, 925 pages :billustrations ;c24 cm 2rdacontentatextbtxt aunmediated2rdamediabn avolumebnc2rdacarrier aIncludes bibliographical references and index. 17aVogel, Arthur I.q(Arthur Israel)2BUEsh 7aChemistry, AnalyticxQuantitative.964112BUEsh 7aChemistry, Inorganic.964122BUEsh vReading book1 aBassett, John,d1924-96413eeditor. 2ddccBB c11882d11882 00102ddc40708Alef-BaaaMAINbMAINc1STd2009-06-18ePurchaseg150.00l3m37o545 VOGp000016817r2025-07-15 00:00:00s2018-02-14w2009-06-18yBB